Handbook of mindfulness theory,research and practice (Record no. 3444)
[ view plain ]
| 000 -LEADER | |
|---|---|
| fixed length control field | 00436nam a22001337a 4500 |
| 020 ## - INTERNATIONAL STANDARD BOOK NUMBER | |
| International Standard Book Number | 9781462525935 |
| 082 ## - DEWEY DECIMAL CLASSIFICATION NUMBER | |
| Classification number | 158 |
| 100 ## - MAIN ENTRY--PERSONAL NAME | |
| Personal name | Kirk Warren Brown |
| 245 ## - TITLE STATEMENT | |
| Title | Handbook of mindfulness theory,research and practice |
| 260 ## - PUBLICATION, DISTRIBUTION, ETC. | |
| Place of publication, distribution, etc. | New York |
| Name of publisher, distributor, etc. | The guilford press |
| Date of publication, distribution, etc. | 2015 |
| 300 ## - PHYSICAL DESCRIPTION | |
| Extent | 466p |
| 942 ## - ADDED ENTRY ELEMENTS (KOHA) | |
| Koha item type | Book |
| Withdrawn status | Lost status | Source of classification or shelving scheme | Damaged status | Not for loan | Permanent Location | Current Location | Shelving location | Date acquired | Total Checkouts | Total Renewals | Full call number | Barcode | Date last seen | Date last checked out | Price effective from | Koha item type |
|---|---|---|---|---|---|---|---|---|---|---|---|---|---|---|---|---|
| Central Library (CL) | Central Library (CL) | General Stacks | 06/24/2016 | 1 | 1 | 158 HAN | S3H-S-823 | 06/09/2023 | 09/14/2021 | 06/24/2016 | Book |
